00395 2200157 4500001002100000005001500021035002000036245005000056100002100106300002600127260002800153082000800181084001400189020002200203990001200225INLIS00000000000295020250917112242 a0010-09250002971 aKisah Haru Sang Pramugari /cEidelweis Almira0 aEidelweis Almira a186 hlm ;c13 x 19 cm aJakarta :bZettu,c2013 a813 a813 EID k a978-602-7735-80-4 a0755683